| 000 | 00355nam a2200109Ia 4500 | ||
|---|---|---|---|
| 008 | 171204s9999 xx 000 0 und d | ||
| 245 | _aWhat you need to know from Algebra, Trigonometry and Precalculus for Calculus: | ||
| 245 | _cJonathan Tullis | ||
| 260 | _c2016 | ||
| 650 | _xG-MATH2 Trigonometry | ||
| 856 | _uhttp://down.ebook777.com/051/B01N8PMTBU.pdf | ||
| 999 |
_c345510 _d345510 |
||